Fire Emblem: Three Houses Characters - Statistics

General Stats
  • This quiz has been taken 255 times
  • The average score is 49 of 91
Answer Stats
Characters % Correct
Byleth
97%
Dimitri
94%
Edelgard
94%
Claude
93%
Hilda
91%
Seteth
91%
Ferdinand
90%
Rhea
90%
Dedue
89%
Hubert
89%
Felix
88%
Flayn
88%
Bernadetta
87%
Sylvain
87%
Annette
86%
Mercedes
86%
Catherine
85%
Ingrid
85%
Raphael
85%
Ignatz
84%
Marianne
84%
Caspar
83%
Lorenz
83%
Ashe
82%
Dorothea
82%
Linhardt
82%
Shamir
82%
Leonie
80%
Petra
80%
Lysithea
79%
Yuri
78%
Alois
74%
Hapi
74%
Constance
73%
Balthus
72%
Jeralt
72%
Manuela
72%
Hanneman
70%
Jeritza
70%
Sothis
66%
Gilbert/Gustave
63%
Nemesis
57%
Rodrigue
55%
Anna
52%
Kronya
51%
Solon
51%
Death Knight
50%
Judith
50%
Thales
50%
Tomas
50%
Monica
49%
Seiros
49%
Flame Emperor
44%
Cornelia
37%
Lonato
36%
Aelfric
35%
Arundel
32%
Miklan
31%
Randolph
31%
Fleche
29%
Ladislava
29%
Nader
29%
Kostas
28%
Riegan
28%
Blaiddyd
27%
Goneril
27%
Acheron
26%
Gautier
26%
Baron Dominic
25%
Dominic
25%
Fraldarius
25%
Indech
25%
Ionius IX
25%
Daphnel
24%
Metodey
24%
Gloucester
23%
Macuil
23%
Charon
22%
Lamine
22%
Maurice
21%
The Immaculate One
21%
Ludwig
20%
Gwendal
19%
Pallardó
18%
Baron Ochs
17%
Myson
16%
Duke Gerth
11%
Odesse
9%
Bias
8%
Chilon
6%
Pittacus
6%
No matching quizzes found
Score Distribution
Percent of People with Each Score
Percentile by Number Answered
Your Score History
You have not taken this quiz